| Tag |
First Indicator |
Second Indicator |
Subfields |
| LEADER |
00000cam a2200000 i 4500 |
| 001 |
in00004792161 |
| 003 |
OCoLC |
| 005 |
20240614142404.4 |
| 008 |
230226t20242024enka b 001 0 eng |
| 010 |
|
|
|a 2023005305
|
| 040 |
|
|
|a DLC
|e rda
|c DLC
|
| 020 |
|
|
|a 9781108421089
|q hardcover
|
| 020 |
|
|
|a 1108421083
|q hardcover
|
| 020 |
|
|
|z 9781108363303
|q electronic book
|
| 035 |
|
|
|a (OCoLC)1360288780
|
| 050 |
0 |
0 |
|a PA6003
|b .C36 2024
|
| 082 |
0 |
0 |
|a 870.9
|2 23/eng/20230422
|
| 245 |
0 |
4 |
|a The Cambridge critical guide to Latin literature /
|c edited by Roy Gibson, Christopher Whitton.
|
| 264 |
|
1 |
|a Cambridge ;
|a New York :
|b Cambridge University Press,
|c [2024].
|
| 264 |
|
4 |
|c ©2024.
|
| 300 |
|
|
|a xviii, 927 pages :
|b chiefly color illustrations ;
|c 24 cm.
|
| 336 |
|
|
|a text
|b txt
|2 rdacontent
|
| 337 |
|
|
|a unmediated
|b n
|2 rdamedia
|
| 338 |
|
|
|a volume
|b nc
|2 rdacarrier
|
| 504 |
|
|
|a Includes bibliographical references and index.
|
| 505 |
0 |
|
|a Introduction : texts, tools, territories / Roy Gibson and Christopher Whitton -- Canons / Irene Peirano Garrison -- Periodisations / Gavin Kelly -- Author and identity / Alison Sharrock -- Intertextuality / Donncha O'Rourke and Aaron Pelttari -- Mediaeval Latin / Justin Stover -- Neo-Latin / Yasmin Haskell -- Reception / James Uden -- National Traditions / Therese Fuhrer -- Editing / Samuel J. Huskey and Robert A. Kaster -- Latin literature and linguistics / James Clackson -- Latin literature and material culture / Michael Squire and Jas Elsner -- Philosophy / Katharina Volk -- Political Thought / Michèle Lowrie -- Latin literature and Roman history / Myles Lavan -- Latin literature and Greek / Simon Goldhill -- Envoi / Mary Beard.
|
| 520 |
|
|
|a The Cambridge Critical Guide to Latin Literature offers a critical overview of work on Latin literature. Where are we? How did we get here? Where to next? Fifteen commissioned chapters, along with an extensive introduction and Mary Beard's postscript, approach these questions from a range of angles. They aim not to codify the field, but to give snapshots of the discipline from different perspectives, and to offer provocations for future development. The Critical Guide aims to stimulate reflection on how we engage with Latin literature. Texts, tools and territories are the three areas of focus. The Guide situates the study of classical Latin literature within its global context from late antiquity to Neo-Latin, moving away from an exclusive focus on the pre-200 CE corpus. It recalibrates links with adjoining disciplines (history, philosophy, material culture, linguistics, political thought and Greek) and takes a fresh look at key tools (editing, reception, intertextuality and theory).
|
| 650 |
|
0 |
|a Latin literature
|x History and criticism.
|
| 700 |
1 |
|
|a Gibson, Roy K.,
|e editor.
|
| 700 |
1 |
|
|a Whitton, Christopher,
|d 1979-
|e editor.
|
| 945 |
|
|
|b 87631
|
| 947 |
|
|
|a A14852491381
|
| 948 |
|
|
|a dmitchel 6/14/24 9.20.10
|
| 980 |
|
|
|b print
|c 40032148157
|f NONFIC/B
|g 565714
|k USD
|m 156.00
|q 1
|s AcqMono Conventional
|t Approval plan
|u Vendor order reference number
|v ZYBP
|y Print approval
|z Physical resource
|
| 999 |
f |
f |
|i 518586e5-347c-4fb2-b717-ffda154e1395
|s e5e0c5b0-2ad5-492c-92a4-e23c2ef6d9ae
|t 0
|
| 952 |
f |
f |
|p normal
|a Texas A&M University
|b College Station
|c Sterling C. Evans Library
|d Evans: Library Stacks
|t 0
|e PA6003 .C36 2024
|h Library of Congress classification
|i unmediated -- volume
|m A14852491381
|
| 998 |
f |
f |
|a PA6003 .C36 2024
|t 0
|l Evans: Library Stacks
|